The Edison (Record no. 213572)
[ view plain ]
| 000 -LEADER | |
|---|---|
| fixed length control field | 00511nam a22001697a 4500 |
| 005 - DATE AND TIME OF LATEST TRANSACTION | |
| control field | 20251006155658.0 |
| 010 ## - LCCN (DPL NO) | |
| LC control number | ENG-146952 |
| 020 ## - INTERNATIONAL STANDARD BOOK NUMBER | |
| International Standard Book Number | 9788198925831 |
| Terms of availability | 195.00 |
| 035 ## - SYSTEM CONTROL NUMBER | |
| System control number | EN-130484 |
| 037 ## - SOURCE OF ACQUISITION | |
| Source of stock number/acquisition | DBAD |
| 082 ## - DEWEY DECIMAL CLASSIFICATION NUMBER | |
| Classification number | 230.3 |
| Edition number | 1 |
| 245 ## - TITLE STATEMENT | |
| Title | The Edison |
| Remainder of title | A Life Turned to the Unseen Laws |
| 260 ## - PUBLICATION, DISTRIBUTION, ETC. (IMPRINT) | |
| Place of publication, distribution, etc | WOW Publishings |
| Date of publication, distribution, etc | 2025 |
| 270 ## - ADDRESS | |
| Address | Happy Thoughts Building, Vikrant Complex, Near Tapovan Mandir, Pimpri |
| City | Pune |
| Postal code | 411017 |
| 300 ## - PHYSICAL DESCRIPTION | |
| Extent | 162p. |
| Dimensions | 20cm(pb) |
| 942 ## - ADDED ENTRY ELEMENTS (KOHA) | |
| Source of classification or shelving scheme | Dewey Decimal Classification |
| Item type | English Books |
| Classification part | 230.3 |
| Call number suffix | EDI |
| Withdrawn status | Lost status | Not for loan | Home library | Current library | Date acquired | Source of acquisition | Cost, normal purchase price | Full call number | Barcode | Copy number | Cost, replacement price | Koha item type |
|---|---|---|---|---|---|---|---|---|---|---|---|---|
| Not For Loan | D.B.Act.Division | D.B.Act.Division | 06/10/2025 | Delivery of Books Act Division | 195.00 | 230.3 EDI | EN-130484 | 1 | 195.00 | English Books |
